[Event "35th European Club Cup 2019"]
[Site "Ulcinj"]
[Date "2019.11.16"]
[Round "7.15"]
[White "Parkhov, Yair"]
[Black "Ezat, Mohamed"]
[Result "0-1"]
[WhiteElo "2368"]
[BlackElo "2452"]
[Annotator "ChessBase"]
[PlyCount "64"]
[EventDate "2019.11.10"]
[EventType "team-tourn"]
[EventCountry "MNE"]
[SourceTitle "playchess.com"]
[Source "ChessBase"]
[SourceQuality "1"]
[WhiteTeam "Rehovot"]
[BlackTeam "Reykjavik CC"]
[TimeControl "40/5400+30:1800+30"]

1. d4 {[%emt 0:00:00]} Nf6 {[%emt 0:00:00]} 2. c4 {[%emt 0:00:03]} g6 {[%emt 0:00:08]} 3. Nc3 {[%emt 0:00:30]} Bg7 {[%emt 0:00:30]} 4. e4 {[%emt 0:00:30]} d6 {[%emt 0:00:07]} 5. Be2 {[%emt 0:00:00]} O-O {[%emt 0:00:18]} 6. Be3 {[%emt 0:00:00]} Na6 {[%emt 0:00:03]} 7. Nf3 {[%emt 0:00:00]} c5 {[%emt 0:09:29]} 8. d5 {[%emt 0:01:23]} Nc7 {[%emt 0:04:55]} 9. O-O {[%emt 0:01:24]} e5 {[%emt 0:09:39]} 10. g3 {[%emt 0:14:41]} a6 {[%emt 0:18:01]} 11. a4 {[%emt 0:07:37]} b6 {[%emt 0:02:42]} 12. Ne1 {[%emt 0:05:18]} Bh3 {[%emt 0:02:46]} 13. Ng2 {[%emt 0:00:32]} Qd7 {[%emt 0:02:06]} 14. Qd3 {[%emt 0:15:57]} Ng4 {[%emt 0:04:42]} 15. Bd2 {[%emt 0:01:51]} f5 {[%emt 0:00:46]} 16. f3 {[%emt 0:02:21]} Nf6 {[%emt 0:04:51]} 17. Nd1 {[%emt 0:03:55]} fxe4 {[%emt 0:00:17]} 18. fxe4 {[%emt 0:00:18]} Ng4 {[%emt 0:00:52]} 19. Nf2 {[%emt 0:07:50]} Nxf2 {[%emt 0:02:03]} 20. Rxf2 {[%emt 0:00:06]} Rxf2 {[%emt 0:02:46]} 21. Kxf2 {[%emt 0:00:09]} Ne8 {[%emt 0:01:56]} 22. Kg1 {[%emt 0:04:31]} Nf6 {[%emt 0:01:05]} 23. a5 {[%emt 0:03:35]} bxa5 {[%emt 0:00:08]} 24. Rxa5 {[%emt 0:01:17]} Qb7 {[%emt 0:12:24]} 25. Qc2 {[%emt 0:07:42]} Rf8 {[%emt 0:00:53]} 26. Ra3 {[%emt 0:10:57]} Nxe4 {[%emt 0:11:46]} 27. Qxe4 {[%emt 0:04:10]} Qxb2 {[%emt 0:00:02]} 28. Qe3 {[%emt 0:00:21]} e4 {[%emt 0:01:16]} 29. Bc1 {[%emt 0:00:52]} Qb1 {[%emt 0:02:40]} 30. Rb3 {[%emt 0:00:25]} Qc2 {[%emt 0:00:25]} 31. Ne1 {[%emt 0:05:03]} Qd1 {[%emt 0:00:14]} 32. Bd2 {[%emt 0:01:33]} Bd4 {[%emt 0:00:29]} 0-1

[Event "35th European Club Cup 2019"]
[Site "Ulcinj"]
[Date "2019.11.16"]
[Round "7.15"]
[White "Gibicar, Danijel"]
[Black "Brunner, Lucas"]
[Result "1/2-1/2"]
[WhiteElo "2229"]
[BlackElo "2441"]
[Annotator "NA"]
[PlyCount "163"]
[EventDate "2019.11.10"]
[EventType "team-tourn"]
[EventCountry "MNE"]
[SourceTitle "playchess.com"]
[Source "ChessBase"]
[SourceQuality "1"]
[WhiteTeam "De Sprenger Echternach"]
[BlackTeam "Zurich SG"]
[TimeControl "40/5400+30:1800+30"]

1. e4 {[%emt 0:00:00]} c5 {[%emt 0:00:00]} 2. Nf3 {[%emt 0:00:08]} Nc6 {[%emt 0:00:00]} 3. d4 {[%emt 0:00:10]} cxd4 {[%emt 0:00:07]} 4. Nxd4 {[%emt 0:00:06]} g6 {[%emt 0:00:09]} 5. Be2 {[%emt 0:01:34]} Bg7 {[%emt 0:00:19]} 6. Nb3 {[%emt 0:00:14]} Nf6 {[%emt 0:01:45]} 7. Nc3 {[%emt 0:00:21]} d6 {[%emt 0:02:37]} 8. Be3 {[%emt 0:01:05]} O-O {[%emt 0:01:53]} 9. f4 {[%emt 0:00:23]} a5 {[%emt 0:04:26]} 10. a4 {[%emt 0:01:17]} Be6 {[%emt 0:01:48]} 11. O-O {[%emt 0:02:06]} Bxb3 {[%emt 0:08:03]} 12. cxb3 {[%emt 0:01:28]} e6 {[%emt 0:03:09]} 13. Bf3 {[%emt 0:14:07]} Qe7 {[%emt 0:10:52]} 14. Qe1 {[%emt 0:21:47]} d5 {[%emt 0:04:20]} 15. Bf2 {[%emt 0:29:38]} dxe4 {[%emt 0:02:37]} 16. Nxe4 {[%emt 0:02:37]} Nxe4 {[%emt 0:00:42]} 17. Qxe4 {[%emt 0:00:45]} Rfd8 {[%emt 0:06:33]} 18. Rfd1 {[%emt 0:02:34]} Bxb2 {[%emt 0:04:00]} 19. Rab1 {[%emt 0:00:42]} Qf6 {[%emt 0:00:10]} 20. Kh1 {[%emt 0:08:28]} Rxd1+ {[%emt 0:13:30]} 21. Rxd1 {[%emt 0:00:17]} Rd8 {[%emt 0:00:11]} 22. Rxd8+ {[%emt 0:01:50]} Qxd8 {[%emt 0:00:14]} 23. h3 Bd4 {[%emt 0:05:24]} 24. Bg3 {[%emt 0:04:24]} Bc5 {[%emt 0:04:57]} 25. Qc2 {[%emt 0:02:19]} Qd4 {[%emt 0:02:34]} 26. Qd1 {[%emt 0:00:18]} Qe3 {[%emt 0:00:54]} 27. Bh2 {[%emt 0:03:06]} Nd4 {[%emt 0:06:03]} 28. Bg1 {[%emt 0:00:58]} Qxb3 29. Bxd4 {[%emt 0:00:11]} Qxd1+ {[%emt 0:07:34]} 30. Bxd1 {[%emt 0:00:35]} Bxd4 {[%emt 0:01:44]} 31. Be2 {[%emt 0:01:07]} Bf2 {[%emt 0:00:14]} 32. g4 {[%emt 0:00:30]} Be3 {[%emt 0:00:30]} 33. f5 exf5 34. gxf5 {[%emt 0:00:08]} g5 {[%emt 0:02:00]} 35. Kg2 {[%emt 0:00:19]} f6 {[%emt 0:01:34]} 36. Kf3 {[%emt 0:00:53]} Bc5 {[%emt 0:02:35]} 37. Ke4 {[%emt 0:00:45]} Kf7 {[%emt 0:00:36]} 38. Kd5 {[%emt 0:00:24]} Bf2 {[%emt 0:00:12]} 39. Kd6 {[%emt 0:00:50]} Ke8 {[%emt 0:01:23]} 40. Kc7 {[%emt 0:00:00]} b6 {[%emt 0:00:00]} 41. Kd6 {[%emt 0:10:36]} Bc5+ {[%emt 0:01:54]} 42. Ke6 {[%emt 0:00:30]} Bd4 {[%emt 0:00:15]} 43. Kd5 {[%emt 0:01:46]} Bc3 {[%emt 0:00:38]} 44. Ke6 {[%emt 0:01:11]} Kd8 {[%emt 0:00:50]} 45. Kd6 {[%emt 0:00:52]} Kc8 {[%emt 0:00:48]} 46. Ba6+ {[%emt 0:01:36]} Kb8 {[%emt 0:02:11]} 47. Be2 {[%emt 0:00:10]} Kc8 {[%emt 0:02:39]} 48. Ba6+ {[%emt 0:00:09]} Kd8 {[%emt 0:00:07]} 49. Be2 {[%emt 0:00:09]} Bb2 {[%emt 0:00:26]} 50. Kc6 {[%emt 0:02:25]} Bd4 {[%emt 0:02:54]} 51. Kd5 {[%emt 0:00:19]} Bc3 {[%emt 0:01:03]} 52. Kc6 {[%emt 0:00:08]} Ke7 {[%emt 0:00:08]} 53. Kd5 {[%emt 0:02:43]} Kd7 {[%emt 0:01:26]} 54. Bb5+ {[%emt 0:00:26]} Kc7 {[%emt 0:00:09]} 55. Be2 {[%emt 0:01:12]} Be5 {[%emt 0:00:29]} 56. Bb5 {[%emt 0:08:48]} h5 {[%emt 0:03:29]} 57. Be2 {[%emt 0:00:58]} h4 {[%emt 0:00:08]} 58. Ke4 {[%emt 0:00:43]} g4 {[%emt 0:12:52]} 59. hxg4 {[%emt 0:00:26]} Bd6 {[%emt 0:01:36]} 60. Kf3 {[%emt 0:00:39]} h3 {[%emt 0:00:24]} 61. Bb5 {[%emt 0:02:55]} Be5 {[%emt 0:00:45]} 62. Bf1 {[%emt 0:01:15]} Kd6 {[%emt 0:02:23]} 63. Bb5 {[%emt 0:01:18]} Kd5 {[%emt 0:00:33]} 64. Bf1 {[%emt 0:00:30]} Kd4 {[%emt 0:00:46]} 65. Bb5 {[%emt 0:00:58]} Bd6 {[%emt 0:01:12]} 66. Bf1 {[%emt 0:00:22]} h2 {[%emt 0:00:23]} 67. Kg2 {[%emt 0:00:14]} Ke4 {[%emt 0:00:16]} 68. Bb5 {[%emt 0:01:09]} Ke3 {[%emt 0:01:18]} 69. Bc4 {[%emt 0:00:26]} Be5 {[%emt 0:01:21]} 70. Bb5 {[%emt 0:00:38]} Kd4 {[%emt 0:00:05]} 71. Bc6 {[%emt 0:00:27]} Kc5 {[%emt 0:00:05]} 72. Bb5 {[%emt 0:00:04]} Kd6 {[%emt 0:00:06]} 73. Bc4 {[%emt 0:00:34]} Ke7 {[%emt 0:00:05]} 74. Bb5 Kf8 {[%emt 0:00:05]} 75. Bc4 {[%emt 0:01:14]} Kg7 {[%emt 0:00:02]} 76. Be2 {[%emt 0:00:21]} Kh6 {[%emt 0:00:02]} 77. Bb5 {[%emt 0:00:12]} Kg5 {[%emt 0:00:02]} 78. Be2 {[%emt 0:00:13]} Kh4 {[%emt 0:00:20]} 79. Bd1 {[%emt 0:01:21]} b5 {[%emt 0:00:06]} 80. axb5 {[%emt 0:00:07]} Bc7 {[%emt 0:00:57]} 81. b6 {[%emt 0:00:51]} Bxb6 {[%emt 0:00:50]} 82. Kxh2 {[%emt 0:00:08]} 1/2-1/2

[Event "35th European Club Cup 2019"]
[Site "Ulcinj"]
[Date "2019.11.16"]
[Round "7.16"]
[White "Rodshtein, Maxim"]
[Black "Kokarev, Dmitry"]
[Result "1-0"]
[WhiteElo "2653"]
[BlackElo "2601"]
[Annotator "TA"]
[PlyCount "63"]
[EventDate "2019.11.10"]
[EventType "team-tourn"]
[EventCountry "MNE"]
[SourceTitle "playchess.com"]
[Source "ChessBase"]
[SourceQuality "1"]
[WhiteTeam "Mednyi Vsadnik"]
[BlackTeam "Law & Order"]

1. d4 Nf6 2. c4 g6 3. Nc3 Bg7 4. e4 d6 5. h3 O-O 6. Be3 c5 7. Nf3 cxd4 8. Nxd4 Nc6 9. Be2 Nxd4 10. Bxd4 Bh6 11. Qd3 e5 12. Be3 Bxe3 13. Qxe3 Be6 14. b3 Qa5 15. O-O Qc5 16. Rad1 Rfd8 17. Qh6 Rac8 18. Rd3 a6 19. Rf3 Nh5 20. Rd1 Qa5 21. Re3 Nf6 22. Qh4 Kg7 23. Bg4 b5 24. Bxe6 fxe6 25. Rf3 Ng8 26. Qg4 Rc7 27. Qxe6 Re7 28. Qd5 Nf6 29. Qd3 bxc4 30. Qxc4 Rf7 31. b4 Qb6 32. Qe6 1-0

[Event "35th European Club Cup 2019"]
[Site "Ulcinj"]
[Date "2019.11.16"]
[Round "7.16"]
[White "Miljkovic, Miroslav D"]
[Black "Georgiadis, Ioannis"]
[Result "1/2-1/2"]
[WhiteElo "2496"]
[BlackElo "2491"]
[Annotator "ChessBase"]
[PlyCount "85"]
[EventDate "2019.11.10"]
[EventType "team-tourn"]
[EventCountry "MNE"]
[SourceTitle "playchess.com"]
[Source "ChessBase"]
[SourceQuality "1"]
[WhiteTeam "Sloven Ruma"]
[BlackTeam "Riehen SG"]

1. d4 Nf6 2. c4 e6 3. Nc3 Bb4 4. e3 O-O 5. Nf3 c5 6. Bd3 d5 7. O-O dxc4 8. Bxc4 Nbd7 9. Qe2 a6 10. a4 b6 11. Rd1 Bb7 12. dxc5 Bxc5 13. h3 Qc7 14. Ne1 Ne5 15. Bb3 Rfd8 16. Rxd8+ Rxd8 17. Bd2 h5 18. Rd1 h4 19. Bc1 Rxd1 20. Bxd1 Bb4 21. Bd2 Qd6 22. Nc2 Bc5 23. Ne1 Bb4 24. Nc2 Bc5 25. Ne1 a5 26. Nb5 Qd5 27. Bc3 Ne4 28. Bc2 g6 29. Bxe4 Qxe4 30. Qd1 Bd5 31. Nc7 Kf8 32. Nxd5 exd5 33. Bxe5 Qxe5 34. Nd3 Qe4 35. b3 d4 36. Nxc5 bxc5 37. Qc1 Qe7 38. Qd2 dxe3 39. fxe3 Qe5 40. Kf2 Qg3+ 41. Kf1 Qe5 42. Ke2 Qe4 43. Kf2 1/2-1/2

[Event "35th European Club Cup 2019"]
[Site "Ulcinj"]
[Date "2019.11.16"]
[Round "7.16"]
[White "Petursson, Margeir"]
[Black "Zlatin, Alexander"]
[Result "1/2-1/2"]
[WhiteElo "2464"]
[BlackElo "2296"]
[Annotator "ChessBase"]
[PlyCount "27"]
[EventDate "2019.11.10"]
[EventType "team-tourn"]
[EventCountry "MNE"]
[SourceTitle "playchess.com"]
[Source "ChessBase"]
[SourceQuality "1"]
[WhiteTeam "Reykjavik CC"]
[BlackTeam "Rehovot"]

1. c4 e5 2. Nc3 Nf6 3. Nf3 Nc6 4. g3 d6 5. Bg2 g6 6. d4 exd4 7. Nxd4 Nxd4 8. Qxd4 Bg7 9. Qe3+ Kf8 10. b3 Ng4 11. Qf3 Ne5 12. Qe3 Ng4 13. Qf3 Ne5 14. Qe3 1/2-1/2

[Event "35th European Club Cup 2019"]
[Site "Ulcinj"]
[Date "2019.11.16"]
[Round "7.16"]
[White "Vogt, Lothar"]
[Black "Hammes, Michael"]
[Result "1/2-1/2"]
[WhiteElo "2351"]
[BlackElo "2348"]
[Annotator "NA"]
[PlyCount "61"]
[EventDate "2019.11.10"]
[EventType "team-tourn"]
[EventCountry "MNE"]
[SourceTitle "playchess.com"]
[Source "ChessBase"]
[SourceQuality "1"]
[WhiteTeam "Zurich SG"]
[BlackTeam "De Sprenger Echternach"]

1. e4 e6 2. d4 d5 3. Nc3 Nf6 4. Bg5 Bb4 5. e5 h6 6. Bd2 Bxc3 7. bxc3 Ne4 8. Qg4 g6 9. Qf4 c5 10. Bd3 Nxd2 11. Qxd2 Nc6 12. Nf3 c4 13. Be2 Bd7 14. Rb1 b6 15. h4 f5 16. exf6 Qxf6 17. O-O O-O-O 18. Rbe1 g5 19. h5 Rhe8 20. Bd1 Qf4 21. Re3 Qd6 22. Qc1 Re7 23. Ne5 Nxe5 24. Rxe5 Rf8 25. Bg4 Rf6 26. Rfe1 Kc7 27. Qe3 a5 28. Bf3 Bc6 29. Bg4 Bd7 30. Bf3 Bc6 31. Bg4 1/2-1/2

[Event "35th European Club Cup 2019"]
[Site "Ulcinj"]
[Date "2019.11.16"]
[Round "7.17"]
[White "Rozum, Ivan"]
[Black "Ponkratov, Pavel"]
[Result "0-1"]
[WhiteElo "2593"]
[BlackElo "2619"]
[Annotator "ChessBase"]
[PlyCount "68"]
[EventDate "2019.11.10"]
[EventType "team-tourn"]
[EventCountry "MNE"]
[SourceTitle "playchess.com"]
[Source "ChessBase"]
[SourceQuality "1"]
[WhiteTeam "Law & Order"]
[BlackTeam "Mednyi Vsadnik"]

1. Nf3 g6 2. e4 Bg7 3. d4 d6 4. Be2 Nf6 5. Nc3 O-O 6. O-O a6 7. a4 Nbd7 8. e5 Ne8 9. a5 b5 10. axb6 cxb6 11. Re1 Bb7 12. e6 fxe6 13. Ng5 Nc7 14. Bc4 d5 15. Nxe6 Nxe6 16. Nxd5 b5 17. Ba2 Nxd4 18. Rxe7 Kh8 19. Bh6 Nf5 20. Bxg7+ Nxg7 21. Qd4 Rg8 22. Rae1 Bxd5 23. Qxd5 Nf6 24. Qc6 Rf8 25. Bf7 Ng4 26. h3 Nh6 27. Bb3 Qd4 28. R1e2 Nhf5 29. Rd7 Qxb2 30. Qb7 Rae8 31. Rxe8 Rxe8 32. g3 Qe5 33. Kg2 Qe2 34. Rf7 Nd6 0-1

[Event "35th European Club Cup 2019"]
[Site "Ulcinj"]
[Date "2019.11.16"]
[Round "7.17"]
[White "Haag, Gregor"]
[Black "Lazic, Miroljub"]
[Result "0-1"]
[WhiteElo "2368"]
[BlackElo "2409"]
[Annotator "NA"]
[PlyCount "71"]
[EventDate "2019.11.10"]
[EventType "team-tourn"]
[EventCountry "MNE"]
[SourceTitle "playchess.com"]
[Source "ChessBase"]
[SourceQuality "1"]
[WhiteTeam "Riehen SG"]
[BlackTeam "Sloven Ruma"]

1. d4 d5 2. c4 dxc4 3. e4 e5 4. Nf3 Bb4+ 5. Nc3 exd4 6. Nxd4 Qe7 7. Bxc4 Nf6 8. O-O O-O 9. Nd5 Nxd5 10. exd5 Bd6 11. Re1 Qf6 12. Be3 Nd7 13. Rc1 a6 14. a3 Ne5 15. Be2 Bd7 16. f4 Ng6 17. g3 Rfe8 18. Qd2 h6 19. Nf3 Rxe3 20. Qxe3 Qxb2 21. Rc3 Re8 22. Qd2 Qb6+ 23. Kg2 Qa5 24. Bf1 Rxe1 25. Qxe1 Qxd5 26. Bc4 Qh5 27. Bd3 Qg4 28. Kf2 b6 29. Be4 Bc5+ 30. Rxc5 bxc5 31. Qa5 Qe6 32. Nd2 Qd6 33. Qc3 Nf8 34. Nf3 Ne6 35. Ne5 Bb5 36. Bd3 0-1

[Event "35th European Club Cup 2019"]
[Site "Ulcinj"]
[Date "2019.11.16"]
[Round "7.17"]
[White "Gorodetzky, Matan"]
[Black "Johannesson, Ingvar Thor"]
[Result "1/2-1/2"]
[WhiteElo "2273"]
[BlackElo "2352"]
[Annotator "NA"]
[PlyCount "122"]
[EventDate "2019.11.10"]
[EventType "team-tourn"]
[EventCountry "MNE"]
[SourceTitle "playchess.com"]
[Source "ChessBase"]
[SourceQuality "1"]
[WhiteTeam "Rehovot"]
[BlackTeam "Reykjavik CC"]

1. e4 g6 2. d4 Bg7 3. Nf3 d6 4. Nc3 a6 5. a4 b6 6. Bc4 e6 7. O-O Ne7 8. Be3 Nd7 9. Qe2 h6 10. Rad1 O-O 11. Qd2 Kh7 12. Rfe1 Bb7 13. h3 Nf6 14. Bd3 Nd7 15. Qc1 f5 16. Bf4 e5 17. dxe5 dxe5 18. Bg5 Qe8 19. Bxe7 Qxe7 20. Qe3 Kh8 21. Bc4 f4 22. Qe2 c6 23. Qd2 Nf6 24. Qd6 Rfe8 25. Bb3 g5 26. Qxe7 Rxe7 27. Rd6 b5 28. Re6 Rae8 29. Rd6 Kh7 30. Nb1 Rd7 31. Re6 Rde7 32. Rxe7 Rxe7 33. c3 c5 34. Bc2 Bc6 35. Nbd2 Kg6 36. axb5 axb5 37. Ra1 h5 38. Ra6 Be8 39. Nb3 c4 40. Nc5 Bf7 41. Rb6 g4 42. Nh4+ Kh7 43. Nf5 Ra7 44. Ra6 Rxa6 45. Nxa6 Bf8 46. hxg4 hxg4 47. Kf1 Kg6 48. Nc7 b4 49. cxb4 Bxb4 50. Ke2 Kg5 51. Nb5 Ne8 52. f3 Be6 53. Na3 c3 54. Bb1 cxb2 55. Nc2 Bc4+ 56. Kd1 Bc5 57. Ne1 Bf1 58. fxg4 Nf6 59. Nf3+ Kxg4 60. Nxe5+ Kg5 61. g3 fxg3 1/2-1/2

[Event "35th European Club Cup 2019"]
[Site "Ulcinj"]
[Date "2019.11.16"]
[Round "7.17"]
[White "Repplinger, Marc"]
[Black "Friedrich, Norbert"]
[Result "1-0"]
[WhiteElo "2211"]
[BlackElo "2263"]
[Annotator "NA"]
[PlyCount "149"]
[EventDate "2019.11.10"]
[EventType "team-tourn"]
[EventCountry "MNE"]
[SourceTitle "playchess.com"]
[Source "ChessBase"]
[SourceQuality "1"]
[WhiteTeam "De Sprenger Echternach"]
[BlackTeam "Zurich SG"]

1. Nf3 Nf6 2. d4 d5 3. c4 c6 4. cxd5 cxd5 5. Nc3 Nc6 6. Bf4 Nh5 7. Bd2 Nf6 8. Bf4 Nh5 9. Bd2 e6 10. Rc1 Nf6 11. Bg5 h6 12. Bxf6 Qxf6 13. e3 Bd6 14. a3 O-O 15. Bd3 Rd8 16. Bb1 Bf8 17. Ba2 Bd7 18. h4 g6 19. g4 Qe7 20. g5 h5 21. Nd2 Qd6 22. f4 Nxd4 23. exd4 Qxf4 24. Ne2 Qg4 25. Rc3 Bb5 26. Nf3 Bd6 27. Rg1 Qh3 28. Kf2 Rac8 29. Qf1 Qxf1+ 30. Rxf1 Rxc3 31. bxc3 Bxa3 32. Rb1 a6 33. Ke3 Rc8 34. Rb3 Bd6 35. Ne5 Rc7 36. Nd3 Kf8 37. Kd2 Ke7 38. Rb1 Kd8 39. Rf1 Ke7 40. Bb3 Be8 41. Rf3 Rc6 42. Nef4 Rc8 43. Ne5 Bxe5 44. dxe5 Rc5 45. Rf1 Bb5 46. Rb1 Kd8 47. Bc2 Rc8 48. Rb4 Ke7 49. Bd3 Bc6 50. Ne2 Rc7 51. Rb6 Bd7 52. Nd4 Bc8 53. Nb3 Kd8 54. Kc2 Ke7 55. Kb2 Kd8 56. Na5 Rd7 57. Rb4 Rc7 58. Nb3 Bd7 59. Rf4 Ke7 60. c4 dxc4 61. Rxc4 Rxc4 62. Bxc4 Kd8 63. Kc3 Kc7 64. Kb4 Bc6 65. Nd4 Bd7 66. Kc5 Bc8 67. Bd3 Bd7 68. Be4 Ba4 69. Nf3 Bd7 70. Nd2 Bb5 71. Bc2 b6+ 72. Kd4 Kd7 73. Ne4 Ke7 74. Nd6 Bd7 75. Bd3 1-0

[Event "35th European Club Cup 2019"]
[Site "Ulcinj"]
[Date "2019.11.16"]
[Round "7.18"]
[White "Goganov, Aleksey"]
[Black "Sychev, Klementy"]
[Result "1-0"]
[WhiteElo "2565"]
[BlackElo "2578"]
[Annotator "ChessBase"]
[PlyCount "83"]
[EventDate "2019.11.10"]
[EventType "team-tourn"]
[EventCountry "MNE"]
[SourceTitle "playchess.com"]
[Source "ChessBase"]
[SourceQuality "1"]
[WhiteTeam "Mednyi Vsadnik"]
[BlackTeam "Law & Order"]

1. d4 Nf6 2. c4 g6 3. f3 Nc6 4. d5 Ne5 5. e4 d6 6. Nc3 Bg7 7. f4 Ned7 8. Nh3 O-O 9. Be2 Nc5 10. Nf2 e5 11. dxe6 fxe6 12. Be3 Qe7 13. Qc2 Nfd7 14. O-O-O Nb6 15. h4 e5 16. Bxc5 dxc5 17. f5 gxf5 18. exf5 e4 19. g4 e3 20. Nfe4 Bd7 21. Ng5 h6 22. Nge4 Rae8 23. Rhg1 Bc6 24. g5 Bxe4 25. Nxe4 Qxe4 26. Qxe4 Bxb2+ 27. Kxb2 Rxe4 28. gxh6+ Kh8 29. h5 Rd4 30. Rxd4 cxd4 31. Rg7 Rxf5 32. Kb3 Rf6 33. Rxc7 Rxh6 34. Rxb7 Re6 35. Rxa7 d3 36. Bxd3 e2 37. Bxe2 Rxe2 38. c5 Nd5 39. c6 Re8 40. Kc4 Ne7 41. Kc5 Nc8 42. Rd7 1-0

[Event "35th European Club Cup 2019"]
[Site "Ulcinj"]
[Date "2019.11.16"]
[Round "7.18"]
[White "Laketic, Gojko"]
[Black "Wirthensohn, Heinz"]
[Result "1/2-1/2"]
[WhiteElo "2346"]
[BlackElo "2313"]
[Annotator "NA"]
[PlyCount "48"]
[EventDate "2019.11.10"]
[EventType "team-tourn"]
[EventCountry "MNE"]
[SourceTitle "playchess.com"]
[Source "ChessBase"]
[SourceQuality "1"]
[WhiteTeam "Sloven Ruma"]
[BlackTeam "Riehen SG"]

1. d4 d5 2. Nf3 e6 3. c4 dxc4 4. e3 c5 5. Bxc4 Nf6 6. O-O a6 7. a4 Nc6 8. Qe2 Qc7 9. Nc3 Bd6 10. Rd1 O-O 11. h3 b6 12. Bd2 Bb7 13. Rac1 Rfd8 14. Be1 cxd4 15. exd4 Qe7 16. Ne5 Nb4 17. Bd2 h6 18. Bf4 Nbd5 19. Bd2 Nb4 20. Re1 Bc7 21. Be3 Nbd5 22. Bd2 Nb4 23. Be3 Nbd5 24. Bd2 Nb4 1/2-1/2

[Event "35th European Club Cup 2019"]
[Site "Ulcinj"]
[Date "2019.11.16"]
[Round "7.18"]
[White "Goldstern, Filip"]
[Black "Gnichtel, Gerd"]
[Result "1-0"]
[WhiteElo "2279"]
[BlackElo "2134"]
[Annotator "NA"]
[PlyCount "87"]
[EventDate "2019.11.10"]
[EventType "team-tourn"]
[EventCountry "MNE"]
[SourceTitle "playchess.com"]
[Source "ChessBase"]
[SourceQuality "1"]
[WhiteTeam "Zurich SG"]
[BlackTeam "De Sprenger Echternach"]

1. c4 e5 2. Nf3 Nc6 3. Nc3 Nf6 4. d3 d5 5. cxd5 Nxd5 6. e3 Be7 7. Be2 O-O 8. O-O Be6 9. a3 a5 10. Qc2 Nb6 11. b3 f6 12. Rb1 Qe8 13. Nb5 Rc8 14. d4 Qf7 15. e4 exd4 16. Nfxd4 Nxd4 17. Nxd4 Rfd8 18. Nxe6 Qxe6 19. h3 Qe5 20. Bg4 Ra8 21. Bb2 Qc5 22. Qe2 Bd6 23. Rbc1 Qg5 24. g3 Re8 25. f4 Qg6 26. Rce1 f5 27. Bxf5 Qxg3+ 28. Qg2 Qxg2+ 29. Kxg2 a4 30. e5 Bf8 31. b4 Nc4 32. Bc1 Rad8 33. Rd1 b5 34. Bd7 Rxd7 35. Rxd7 c5 36. bxc5 Bxc5 37. Rf3 g5 38. Rg3 Kh8 39. Rxg5 Bxa3 40. Bxa3 Nxa3 41. e6 h6 42. Rg6 Rg8 43. Rxg8+ Kxg8 44. Rd8+ 1-0

[Event "35th European Club Cup 2019"]
[Site "Ulcinj"]
[Date "2019.11.16"]
[Round "7.18"]
[White "Salama, Omar"]
[Black "Mikhalevski, Alexander"]
[Result "0-1"]
[WhiteElo "2193"]
[BlackElo "2425"]
[Annotator "NA"]
[PlyCount "126"]
[EventDate "2019.11.10"]
[EventType "team-tourn"]
[EventCountry "MNE"]
[SourceTitle "playchess.com"]
[Source "ChessBase"]
[SourceQuality "1"]
[WhiteTeam "Reykjavik CC"]
[BlackTeam "Rehovot"]

1. d4 d5 2. c4 e6 3. Nc3 Be7 4. cxd5 exd5 5. Bf4 Nf6 6. e3 O-O 7. Bd3 c5 8. dxc5 Bxc5 9. Nge2 Nc6 10. O-O d4 11. exd4 Nxd4 12. Be5 Nc6 13. Bxf6 Qxf6 14. Ne4 Qe5 15. Nxc5 Qxc5 16. Qc2 Qxc2 17. Bxc2 Be6 18. Rfd1 Rfd8 19. a3 Bc4 20. Nc3 Nd4 21. Be4 Bb3 22. Rd3 Bc4 23. Rdd1 Rab8 24. f3 Bb3 25. Rd3 Bc4 26. Rdd1 f5 27. Bd5+ Bxd5 28. Rxd4 Bb3 29. Rb4 Be6 30. Re1 Kf7 31. Rb5 Rd2 32. Rbe5 Re8 33. R1e2 Rxe2 34. Rxe2 Rd8 35. Kf2 Bc4 36. Rc2 Bb3 37. Re2 Kf6 38. h4 Bc4 39. Rc2 Bb3 40. Re2 Bc4 41. Rc2 b5 42. Ne2 a5 43. a4 Bxe2 44. Kxe2 bxa4 45. Rc5 Rb8 46. Rxa5 Rxb2+ 47. Ke3 Rb3+ 48. Kf4 Rb4+ 49. Ke3 g6 50. g3 Ke6 51. Ra7 Kd5 52. Rxh7 Kc4 53. Kf4 a3 54. Kg5 Kb3 55. Ra7 Ra4 56. Rb7+ Kc2 57. Re7 Kd2 58. Rb7 a2 59. Rb2+ Ke3 60. Rxa2 Rxa2 61. Kxg6 Kxf3 62. Kxf5 Ra5+ 63. Kg6 Kg4 0-1

[Event "35th European Club Cup 2019"]
[Site "Ulcinj"]
[Date "2019.11.16"]
[Round "7.19"]
[White "Ponomariov, Ruslan"]
[Black "Efimenko, Zahar"]
[Result "1/2-1/2"]
[WhiteElo "2648"]
[BlackElo "2601"]
[Annotator "TA"]
[PlyCount "71"]
[EventDate "2019.11.10"]
[EventType "team-tourn"]
[EventCountry "MNE"]
[SourceTitle "playchess.com"]
[Source "ChessBase"]
[SourceQuality "1"]
[WhiteTeam "Lysa nad Labem"]
[BlackTeam "Beer Sheva"]

1. c4 e5 2. Nc3 d6 3. g3 f5 4. Bg2 Nf6 5. d3 Be7 6. e3 a5 7. Nge2 O-O 8. O-O c6 9. b3 Na6 10. Bb2 Be6 11. Qd2 Nc7 12. f4 Qe8 13. Rae1 Qh5 14. Nd1 a4 15. Nf2 Nd7 16. b4 a3 17. Ba1 Bf6 18. e4 fxe4 19. Nxe4 Be7 20. Nf2 Qh6 21. Qc1 d5 22. c5 exf4 23. Nxf4 Bg5 24. Rxe6 Nxe6 25. Ng4 Bxf4 26. Nxh6+ Bxh6 27. Rxf8+ Ndxf8 28. Qe1 d4 29. Kh1 Be3 30. Qb1 Kh8 31. Qb3 Nc7 32. Qf7 Nfe6 33. Bh3 Rf8 34. Qd7 Rd8 35. Qf7 Rf8 36. Qd7 1/2-1/2

[Event "35th European Club Cup 2019"]
[Site "Ulcinj"]
[Date "2019.11.16"]
[Round "7.19"]
[White "Admiraal, Miguoel"]
[Black "Koykka, Pekka"]
[Result "1/2-1/2"]
[WhiteElo "2510"]
[BlackElo "2379"]
[Annotator "ChessBase"]
[PlyCount "60"]
[EventDate "2019.11.10"]
[EventType "team-tourn"]
[EventCountry "MNE"]
[SourceTitle "playchess.com"]
[Source "ChessBase"]
[SourceQuality "1"]
[WhiteTeam "Kennemer Combinatie"]
[BlackTeam "Tammer-Shakki"]

1. c4 c5 2. Nf3 Nc6 3. Nc3 g6 4. e3 Nf6 5. d4 cxd4 6. exd4 d5 7. cxd5 Nxd5 8. Qb3 e6 9. Bb5 Bg7 10. Bg5 Qb6 11. Qa3 f6 12. Nxd5 exd5 13. Bxc6+ bxc6 14. O-O Kf7 15. Rfe1 Bf8 16. Qe3 fxg5 17. Qe8+ Kg7 18. Re7+ Bxe7 19. Qxe7+ Kg8 20. Qe8+ Kg7 21. Qe5+ Kg8 22. Qe8+ Kg7 23. Qe7+ Kg8 24. Qe8+ Kg7 25. Qe7+ Kg8 26. Qe8+ Kg7 27. Qe7+ Kg8 28. Qe8+ Kg7 29. Qe7+ Kg8 30. Qe8+ Kg7 1/2-1/2